000
00330 a2200157 4500
001
44410
020
_a
040
_c
Anchieta - Aquarius
100
_a
Veloso, Mabel
240
1
0
_a
Bonequinhos de papel
_l
por
245
1
0
_a
Bonequinhos de papel
300
_a
362
0
_a
2005
650
4
_a
Literatura infantil
942
_c
BK
999
_c
44410
_d
44410